000 00620nam a2200229Ia 4500
003 OSt
005 20220918203249.0
006 a|||||r|||| 00| 0
007 ta
008 220917b |||||||| |||| 00| 0 eng d
024 _a107,116
037 _cTextual
040 _aARTS
_cARTS
_beng
041 _2eng
_aeng
082 _aV3,21y7M63, L7
100 _aCampbell John
_935031
245 0 _aLoyd George
_b the Goat in the wilderness 1922-1931
260 _aLondon
_bJonathan cape
_c1977
650 _aHISTORY
942 _hV3,21y7M63, L7
_cTEXL
_2CC
999 _c230474
_d230474